000 01203naa a2200313 c 4500
001 47888
003 ES-MaCES
005 20160630132507.0
008 160630s2014 sp ||||| t||||||| ||spa d
040 _aES-MaCES
_bspa
_cES-MaCES
_dES-MaCES
100 1 _913583
_aGómez Benito, Cristóbal
245 1 1 _a¿Consumidores o ciudadanos? Reflexiones sobre el concepto de ciudadanía alimentaria
_cCristobal Gómez Benito, Carmen Lozano
500 _aResumen
504 _aBibliografía: p. 89-90
650 4 _928658
_aalimentación
650 4 _928676
_anutrición
650 4 _928671
_aconsumo alimentario
650 4 _927903
_acomportamiento del consumidor
650 4 _927269
_asociedad
650 4 _930100
_aderechos civiles
650 4 _927175
_ademocracia
650 4 _927284
_aparticipación social
650 4 _929226
_aacceso a la información
653 1 0 _aCiencias Sociales-Políticas
700 1 _937082
_aLozano Cabedo, Carmen
773 0 _984587
_dMadrid Fundación de las Cajas de Ahorros (FUNCAS) 2005-
_o087488
_tPanorama social
_w(ES-MaCES)25996
_gn. 19 (1er. sem. 2014) {55/1043 R. 087488} ;p. 77-90
902 _aART Artículo de revista
942 _2CES
_cAR
_h7.0.
999 _c47888
_d47888